header

Working families and growing kids (Record no. 76504)

MARC details
000 -LEADER
fixed length control field 02212nam a22004094a 4500
082 04 - DEWEY DECIMAL CLASSIFICATION NUMBER
Classification number 362.7/0973
245 10 - TITLE STATEMENT
Title Working families and growing kids
260 ## - PUBLICATION, DISTRIBUTION, ETC. (IMPRINT)
Place of publication Washington, D.C. :
Name of publisher National Academies Press,
Year of publication c2003.
300 ## - PHYSICAL DESCRIPTION
Number of Pages xi, 354 p. :
Other physical details ill.
500 ## - GENERAL NOTE
General note "Board on Children, Youth, and Families, Division of Behavioral and Social Sciences and Education."
General note "This report is a product of the Committee on Family and Work Policies, a project of the National Research Council (NRC) and the Institute of Medicine (IOM)"--P. vii.
General note A report based on presentations from a one-day October 2001 Workshop on Caring for Infants and Toddlers convened by the Committee, with additional data from other researchers and consultants.
650 #0 - SUBJECT ADDED ENTRY--TOPICAL TERM
Topical Term Child welfare
Topical Term Children of working parents
Topical Term School-age child care
Topical Term Child development
Topical Term Work and family
700 1# - ADDED ENTRY--PERSONAL NAME
Personal name Smolensky, Eugene.
Personal name Gootman, Jennifer Appleton.
856 40 - ELECTRONIC LOCATION AND ACCESS
Uniform Resource Identifier http://site.ebrary.com/lib/rucke/Doc?id=10049178

No items available.

© 2026 Rongo University
Contact us: librarian | system librarian | Rongo university